Resettlement polcies in Delhi (Record no. 494317)

000 -LEADER
fixed length control field 00478cam a22001457a 4500
008 - FIXED-LENGTH DATA ELEMENTS--GENERAL INFORMATION
fixed length control field 180718b1981 xxu||||| |||| 00| 0 eng d
082 ## - DEWEY DECIMAL CLASSIFICATION NUMBER
Classification number XA37x5461 In2r C.6
100 ## - MAIN ENTRY--PERSONAL NAME
Personal name Misra, Girish K.
245 ## - TITLE STATEMENT
Title Resettlement polcies in Delhi
Statement of responsibility, etc. by Girish K. Misra And Rakesh Gupta
260 ## - PUBLICATION, DISTRIBUTION, ETC.
Place of publication, distribution, etc. New Delhi
Name of publisher, distributor, etc. Indian Institute Of Public Administration
Date of publication, distribution, etc. 1981
300 ## - PHYSICAL DESCRIPTION
Extent xx,273p
650 ## - SUBJECT ADDED ENTRY--TOPICAL TERM
Topical term or geographic name entry element Squatters --India --Delhi.
650 ## - SUBJECT ADDED ENTRY--TOPICAL TERM
Topical term or geographic name entry element Housing policy --India --Delhi
700 ## - ADDED ENTRY--PERSONAL NAME
Personal name Gupta,Rakesh
Holdings
Withdrawn status Lost status Damaged status Not for loan Permanent Location Current Location Date acquired Full call number Barcode Date last seen Price effective from Koha item type
        Indian Institute of Public Administration Indian Institute of Public Administration 2018-08-04 XA37x5461 In2r C.6 GR11803 2018-08-04 2018-08-04 GR

Powered by Koha